|
|
|
|
| LEADER |
00995cam a2200229 7i4500 |
| 001 |
0000023672 |
| 005 |
20180424090000.0 |
| 008 |
080821 eng |
| 090 |
0 |
0 |
|a TK2182
|b .A33 2007
|
| 100 |
0 |
|
|a Ahmad Firdausalwa Din
|
| 245 |
1 |
4 |
|a The improvement of the rotor efficiency in induction motor using new material premium steel
|c Ahmad Firdausalwa bin Din.
|
| 260 |
|
|
|a Bestari Jaya, Selangor:
|b UNISEL,
|c 2007.
|
| 300 |
|
|
|a x, 63 p.:
|b col. ill.;
|c 30 cm.
|
| 500 |
|
|
|a Please login MyLib (library.unisel.edu.my/web/guest/mylibrary - click eDocument)
|
| 502 |
|
|
|a Thesis (Bachelor of Engineering-Electrical), UNISEL, 2007
|
| 610 |
2 |
|
|a Universiti Industri Selangor
|
| 650 |
0 |
0 |
|a Electrical steel materials
|
| 650 |
0 |
0 |
|a Electric machinery
|
| 997 |
|
|
|a Engineering, Faculty
|b Engineering, Department
|
| 998 |
|
|
|a Electrical Engineering, Degree
|
| 999 |
|
|
|a THE0000479
|b THESIS
|c THESIS
|e Thesis Room, Bestari Jaya
|
| 999 |
|
|
|a THE0001058
|b THESIS
|c THESIS
|e Thesis Room, Bestari Jaya
|